| 000 | 00712nam a2200241 a 4500 | ||
|---|---|---|---|
| 001 | BRL_718 | ||
| 005 | 20190320210851.0 | ||
| 008 | 300913s1914----gw-a######---#000-0#ger-# | ||
| 041 | _ager | ||
| 044 | _agw | ||
| 050 | 4 |
_aML50 _b.J67 1914 |
|
| 245 | 1 | 0 |
_aJosephsLegende _cHandlung von Harry Graf Kessler und Hugo Von Hofmannsthal ; Musik von Richard Strauss. |
| 260 |
_aBerlin _bAdolph Fürstner _c1914 |
||
| 300 |
_a67 p. _c17 cm. |
||
| 500 | _aAu800 | ||
| 650 | 1 | 4 |
_aOperas _924735 |
| 650 | 1 | 4 |
_aLibretos para operas _923437 |
| 700 | 1 |
_aGraf Kessler, Harry _924736 |
|
| 700 | 1 |
_aHofmannsthal, Hugo von _d1874-1929 _924737 |
|
| 700 | 1 |
_aStrauss, Richard _d1864-1949 _924738 |
|
| 902 | _aGRL | ||
| 942 |
_2lcc _cB |
||
| 999 |
_c9530 _d9530 |
||